Central Library OPAC University of Rajshahi

Beyond defeat / (Record no. 82994)

MARC details
000 -LEADER
fixed length control field 00675nam a2200229 a 4500
001 - CONTROL NUMBER
control field 82994
003 - CONTROL NUMBER IDENTIFIER
rucl marc code BD-RjUL
005 - DATE AND TIME OF LATEST TRANSACTION
control field 20240207125711.0
008 - FIXED-LENGTH DATA ELEMENTS--GENERAL INFORMATION
fixed length control field 240207r19601950nyu|||||||||||000 1|eng||
035 ## - SYSTEM CONTROL NUMBER
System control number (BD-RjUL)82994
040 ## - CATALOGING SOURCE
Original cataloging agency TAU
Language of cataloging eng
Transcribing agency BD-RjUL
041 1# - LANGUAGE CODE
Language code of text/sound track or separate title eng
082 ## - DEWEY DECIMAL CLASSIFICATION NUMBER
Edition number 23
Classification number 823
Author mark and year RIB 1960
100 1# - MAIN ENTRY--PERSONAL NAME
Personal name Richter, Hans Werner
9 (RLIN) 11536
245 10 - TITLE STATEMENT
Title Beyond defeat /
Statement of responsibility, etc. By Hans Werner Richter ; Translated by Robert Kee
250 ## - EDITION STATEMENT
Edition statement Panther ed.
260 ## - PUBLICATION, DISTRIBUTION, ETC. (IMPRINT)
Place of publication, distribution, etc. New York :
Name of publisher, distributor, etc. G.P. Putnam's Sons,
Date of publication, distribution, etc. 1960
300 ## - PHYSICAL DESCRIPTION
Pagination 191 p.;
Size 18 cm.
650 #4 - SUBJECT ADDED ENTRY--TOPICAL TERM
Topical term or geographic name as entry element World War, 1939-1945
General subdivision Prisoners and prisons
-- Fiction
9 (RLIN) 11537
Topical term or geographic name as entry element Prisoners of war
9 (RLIN) 11538
942 ## - ADDED ENTRY ELEMENTS (KOHA)
Source of classification or shelving scheme Dewey Decimal Classification
Koha item type Books
Holdings
Lost status Source of classification or shelving scheme Damaged status Not for loan Collection code Permanent Location Current Location Shelving location Date acquired Total Checkouts Full call number Date last seen Copy number Koha item type
  Dewey Decimal Classification   Not For Loan Fiction Central Library, University of Rajshahi Central Library, University of Rajshahi Reading Room 04/03/1963   823 RIB 1960 07/02/2024 C-1 Books